LEADER 01376nam--2200433---450- 001 990001461580203316 005 20050523183317.0 035 $a000146158 035 $aUSA01000146158 035 $a(ALEPH)000146158USA01 035 $a000146158 100 $a20040227d1971----km-y0itay0103----ba 101 0 $aita 102 $aIT 105 $a||||||||001yy 200 1 $aControllo sociale e comportamento deviante$fAlbert Kircidel Cohen 205 $a2. ed. 210 $aBologna$cIl Mulino$d1971 215 $a211 p.$d21 cm. 225 2 $a<> nuova scienza$iFondamenti di sociologia 300 $aEdizione italiana a cura di Antonio Carbonaro. Traduzione di Laura Bonin 410 0$12001$a<> nuova scienza$iFondamenti di sociologia 454 1$12001$aDeviance and control$920745 461 1$1001-------$12001 606 0 $aComportamento 676 $a301.152 700 1$aCOHEN,$bAlbert Kircidel$0120460 702 1$aCARBONARO,$bAntonio 702 $aBONIN,$bLaura 801 0$aIT$bsalbc$gISBD 912 $a990001461580203316 951 $aII.5. Coll.5/ 18(VI soc A coll. 11/19)$b24822/87 L.M.$cVI soc 959 $aBK 969 $aUMA 979 $aSIAV8$b10$c20040227$lUSA01$h1539 979 $aPATRY$b90$c20040406$lUSA01$h1742 979 $aCOPAT6$b90$c20050523$lUSA01$h1833 996 $aDeviance and control$920745 997 $aUNISA LEADER 00924nam0-2200289 --450 001 9910743000603321 005 20230928085452.0 010 $a3534075404 100 $a20230928d1979----kmuy0itay5050 ba 101 0 $ager 102 $aDE 105 $a 001yy 200 1 $aIdeologie und Herrschaft in der Antike$fherausgegeben von Hans Kloft$g\contributi di Erwin R. Goodenough ... et al 210 $aDarmstadt$cWissenschaftliche Buchgesellschaft$d1979 215 $a515 p.$d20 cm 225 1 $aWege der Forschung$v528 610 0 $aIdeologia e potere$aAntichitą 676 $a930$v23$zita 702 1$aKloft,$bHans 702 1$aGoodenough,$bErwin Ramsdell 801 0$aIT$bUNINA$gREICAT$2UNIMARC 901 $aBK 912 $a9910743000603321 952 $aFONDO PROFESSOR ANTONIO GUARINO IV M 114$bG/1185$fFGBC 959 $aFGBC 996 $aIdeologie und Herrschaft in der Antike$93559674 997 $aUNINA LEADER 01773nam 2200421 450 001 9910798768703321 005 20230807212910.0 010 $a2-335-16831-2 035 $a(CKB)3710000000853755 035 $a(EBL)4679051 035 $a(MiAaPQ)EBC4679051 035 $a(Au-PeEL)EBL4679051 035 $a(CaPaEBR)ebr11265855 035 $a(OCoLC)958574075 035 $a(EXLCZ)993710000000853755 100 $a20200122d2015 uy 0 101 0 $afre 135 $aur|n|---||||| 181 $ctxt$2rdacontent 182 $cc$2rdamedia 183 $acr$2rdacarrier 200 10$aVoyages et de?couvertes outre-mer au XIXe sie?cle /$fArthur Mangin 210 1$a[Place of publication not identified] :$cLigaran,$d[2015] 210 4$d©2015 215 $a1 online resource (196 p.) 300 $aDescription based upon print version of record. 327 $aVoyage du capitaine Back a? la recherche de John RossVoyages d'E?douard Parry; Premier voyage de John Franklin; Voyages simultane?s de Franklin et de Beechey; Dernie?re expe?dition de Sir John Franklin et recherches qui ont suivi; Voyage du docteur El. -K. Kane de la marine des E?tats-Unis envoye? a? la recherche de sir John Franklin; Voyage du commandant Mac-Clure envoye? a? la recherche de sir John Franklin; Voyage du capitaine Mac-Clintock a? la recherche de sir John Franklin et de ses compagnons; Page de Copyright 606 $aScientific expeditions 615 0$aScientific expeditions. 676 $a508.98 700 $aMangin$b Arthur$f1824-1887,$0485172 801 0$bMiAaPQ 801 1$bMiAaPQ 801 2$bMiAaPQ 906 $aBOOK 912 $a9910798768703321 996 $aVoyages et de?couvertes outre-mer au XIXe sie?cle$93864413 997 $aUNINA